Laser light scattering (Record no. 4837)

MARC details
000 -LEADER
fixed length control field 00461nam a2200181Ia 4500
003 - CONTROL NUMBER IDENTIFIER
control field IN-BaIIA
008 - FIXED-LENGTH DATA ELEMENTS--GENERAL INFORMATION
fixed length control field 211028s9999 xx 000 0 eng d
020 ## - INTERNATIONAL STANDARD BOOK NUMBER
International Standard Book Number 0-12-174550-3
040 ## - CATALOGING SOURCE
Transcribing agency IIA Library
080 ## - UNIVERSAL DECIMAL CLASSIFICATION NUMBER
Universal Decimal Classification number 535.215.2
Item number CHU
100 ## - MAIN ENTRY--PERSONAL NAME
Personal name Chu, Benjamin
9 (RLIN) 8624
245 #0 - TITLE STATEMENT
Title Laser light scattering
Statement of responsibility, etc. Benjamin Chu
260 ## - PUBLICATION, DISTRIBUTION, ETC.
Place of publication, distribution, etc. New York
Name of publisher, distributor, etc. Academic Press
Date of publication, distribution, etc. 1974
300 ## - PHYSICAL DESCRIPTION
Extent xii,317p.
650 ## - SUBJECT ADDED ENTRY--TOPICAL TERM
Topical term or geographic name entry element  Lasers
9 (RLIN) 8231
650 ## - SUBJECT ADDED ENTRY--TOPICAL TERM
Topical term or geographic name entry element NASA Thesaurus 
942 ## - ADDED ENTRY ELEMENTS (KOHA)
Koha item type Books
Holdings
Withdrawn status Lost status Damaged status Not for loan Home library Current library Shelving location Date acquired Cost, normal purchase price Total Checkouts Full call number Barcode Date last seen Cost, replacement price Price effective from Koha item type Purchase Price
        IIA Library-Bangalore IIA Library-Bangalore General Stacks 30/03/1976 296.10   535.215.2/ CHU 5412 05/11/2021 296.10 30/03/1976 Books Rs. 296.10

Powered by Koha